Представление документа в формате RUSMARC

ПолеНазваниеЗначение
  Тип записи a
  Библиографический уровень m
001 Контрольный номер 20bc1c5f14724718a4e450bce20b0881
005 Дата корректировки 20141008154617.8
010 Индекс ISBN __
a ISBN 978-5-86388-179-9
d Цена 160-80
101 Язык документа 0_
a Язык текста rus
102 Страна публикации __
a Страна публикации RU
200 Заглавие и сведения об ответственности 1_
a Заглавие Информационные технологии управления
b Общее обозначение материала Текст
e Сведения, относящиеся к заглавию учебное пособие
f Первые сведения об ответственности Г.В.Белов
210 Выходные данные 1_
a Место издания М
c Издательство Полиграфсервис
d Дата издания 2011
215 Физическое описание __
a Объем 219 с.
610 Ключевые слова 0_
a Ключевые слова информационные технологии
a Ключевые слова информационное обеспечение
a Ключевые слова информационные базы
a Ключевые слова автоматизированные системы управления
a Ключевые слова интернет
a Ключевые слова информационное обеспечение бизнеса
686 Индексы других классификаций __
a Классификационный индекс 65.050.2
700 Автор _1
a Фамилия Белов Г. В.
801 Источник записи _0
a Страна RU
b Организация РУК
g Правила каталогизации PSBO
801 Источник записи _1
a Страна RU
b Организация РУК
g Правила каталогизации PSBO
852 Данные о местонахождении __
i Авторский знак Б 43
j Шифр хранения 65.050.2
901 Тип документа __
t Тип документа m
937 Технологическая информация __
a Создатель записи (имя) ОрловаЛА
938 Служебная информация __
a Название организации Ижевский филиал
952 Тип литературы __
c Вид литературы учебное пособие